00445nam a2200145Ia 4500003000400000008004100004020002500045040000800070041000700078082002400085100003700109245007300146260007200219300000800291LDD190117s9999 xx 000 0 und d a978935000960c₹750 cLDD ahi a320.954 शे34स aशेठ, धीरूभाई 0aसत्ता और समाजcधीरूभाई शेठ aनई दिल्लीbवाणी प्रकाशनc2009 a514